• 首页
  • 本馆介绍
  • 公告通知
  • 最新文献
  • 馆藏检索
  • 电子资源
  • 读者导购
  • 参考咨询
  • 我的图书馆
  • 登录
  • 详细信息显示
  • 放入我的书架
  • 预约/预借图书
  • 作者相关作品
  • 分类相关作品
  • 丛书相关作品
  • 出版社相关作品

书目信息

  • 表格格式
  • 工作单格式
  • 卡片格式
题名:
毛泽东诗词全集
    
 
作者: 徐四海 编著
分册:  
出版信息: 北京   东方出版社  2016
页数: 494页
开本: 23cm
丛书名:
单 册:
中图分类: A841.4
科图分类:
主题词: 毛主席诗词--mao zhu xi shi ci--鉴赏
电子资源:
ISBN: 978-7-5060-9108-4
000 00878nam0 22002291 450
001 0115101232
005 20170415101232.0
010    @a978-7-5060-9108-4@dCNY62.00
100    @a20170105d2016 em y0chiy50 ea
101 0  @achi
102    @aCN@b110000
105    @ay z 000yy
106    @ar
200 1  @a毛泽东诗词全集@Amao ze dong shi ci quan ji@f徐四海编著
210    @a北京@c东方出版社@d2016
215    @a494页@d23cm
330    @a本书是作者徐四海对毛泽东诗词的解读和赏析,收录毛泽东1901年至1976年76年间所创作的诗词136首,全面完整地展现了毛泽东诗词的艺术风貌。毛泽东诗词艺术地记录了他一生的光辉足迹,展示了中国革命和建设的伟大历史画卷,堪称一部中国人民的思想史、奋斗史、创造史和建设史。
606 0  @a毛主席诗词@Amao zhu xi shi ci@x鉴赏
690    @aA841.4@v5
701  0 @a徐四海@Axu si hai@4编著
801  0 @aCN@bTANGWEI@c20170308
905    @b0965743-6@dA841.4@e153@f4
    
    毛泽东诗词全集/徐四海编著.-北京:东方出版社,2016
    494页;23cm
    
    
    ISBN 978-7-5060-9108-4:CNY62.00
    本书是作者徐四海对毛泽东诗词的解读和赏析,收录毛泽东1901年至1976年76年间所创作的诗词136首,全面完整地展现了毛泽东诗词的艺术风貌。毛泽东诗词艺术地记录了他一生的光辉足迹,展示了中国革命和建设的伟大历史画卷,堪称一部中国人民的思想史、奋斗史、创造史和建设史。
●
相关链接 在E读中查询图书 在五车中查询图书 在当当中查询图书 在豆瓣中查询图书


正题名:毛泽东诗词全集     索取号:A841.4/153         预约/预借

序号 登录号 条形码 馆藏地/架位号 状态 备注
1 0965743   209657432   第一样本阅览室/ [索取号:A841.4/153] 在馆    
2 0965744   209657441   第一借阅区/ [索取号:A841.4/153] 在馆    
3 0965745   209657450   第一借阅区/ [索取号:A841.4/153] 在馆    
4 0965746   209657469   第一借阅区/ [索取号:A841.4/153] 在馆    
唐山师范学院图书馆 欢迎您!
大连网信软件有限公司© 版权所有